| 000 | 00452nam a22001697a 4500 | ||
|---|---|---|---|
| 005 | 20251108175722.0 | ||
| 008 | 250721s2019 xx 000 0 eng d | ||
| 082 | 1 | 4 | _aJ/F/GOO |
| 245 | 1 | 4 | _aThe goose that laid golden eggs / |
| 264 |
_bHome applied training, _c2019. |
||
| 300 | _a16 ص. | ||
| 490 | 0 | _aAESOP'S FABLES | |
| 650 | 1 | 7 | _aFICTION |
| 653 | _aاطفال مرحلة متوسطه (6-9)سنوات | ||
| 942 |
_2ddc _cBK |
||
| 999 |
_c140747 _d140747 |
||